000 01350nam a2200277Ia 4500
003 OSt
005 20200710235932.0
008 191128t2000 ck fr 001 0dspa d
020 _a9589029124
040 _aCO-JMCR
_cCO-JMCR
041 0 _aspa
082 0 4 _a337.1 /
_bV715i
_223
100 1 _aVillamizar Pinto, Hernando,
_eautor
_97044
245 1 0 _aIntroducción a la integración económica /
_cHernando Villamizar Pinto
250 _aSegunda edición
260 _aBogotá :
_bUniversidad Jorge Tadeo Lozano,
_c©2000
300 _a216 páginas ;
_c24 cm.
490 0 _aEstudios de economía
500 _aIncluye índice temático y datos biográficos del autor en solapa.
504 _aBibliografía: páginas 151-154
505 0 _aFundamentos teóricos de la integración económica -- Procesos de integración económica en Europa Occidental -- Procesos de integración económica en las Américas -- Proceso de integración económica en Asia
520 3 _aLos procesos de integración económica empezaron a ganar importancia después de la segunda guerra mundial, fundamentados en motivaciones políticas y económicas. Sus objetivos centrales se han orientado a la eliminación de las barreras al comercio y alcanzar
650 1 4 _aIntegración económica
_94008
650 1 4 _aTratados comerciales
_92689
942 _2ddc
_cBK
999 _c3624
_d3624